| 000 | 00400nam a22001457a 4500 | ||
|---|---|---|---|
| 005 | 20250212105619.0 | ||
| 008 | 250212b |||||||| |||| 00| 0 eng d | ||
| 020 | _a8125910824 | ||
| 050 |
_aHG4011 _b PAN |
||
| 100 | _aPandey, I M | ||
| 245 |
_aFinancial management; _bexercises and solutions |
||
| 260 |
_aNew Delhi _bUBS Publishers Distributors PVT LTD _cc2001 |
||
| 300 | _a165p | ||
| 942 |
_2lcc _cBK _n0 |
||
| 999 |
_c3824 _d3824 |
||